The dean and the country parson : An imitation of the first eclogue of Virgil. By Edward Lonergan.

Bibliographic Details
Main Author: Lonergan, Edward
Corporate Author: Gale (Firm)
Other Authors: Virgil
Format: eBook
Language:Latin
Subjects:
Online Access:Connect to the full text of this electronic book

MARC

Tag First Indicator Second Indicator Subfields
LEADER 00000cam a2200000 4500
001 in00003820249
005 20190415190413.0
006 m o d
007 cr |n||||||||n
008 910103s1739 enk|||| o 00| ||lat c
035 |a (CU-RivES)T202967 
035 |a (Uk-ES)006297494 
035 |a (OCoLC)509732362 
040 |a Uk-ES  |c Uk-ES  |d CStRLIN  |d Cengage Gale  |d UtOrBLW 
100 1 |a Lonergan, Edward.  |0 http://id.loc.gov/authorities/names/nr93021261 
245 1 4 |a The dean and the country parson :  |b An imitation of the first eclogue of Virgil. By Edward Lonergan. 
264 3 |a Dublin :  |b Printed by E. Waters, in Dames'-street, opposite Fownes'-street, near the college,  |c 1739. 
300 |a 1 online resource (10[id est16] pages)  
336 |a text  |b txt  |2 rdacontent 
337 |a computer  |b c  |2 rdamedia 
338 |a online resource  |b cr  |2 rdacarrier 
500 |a A satire on Jonathan Swift. 
500 |a Parallel English imitation and original Latin text, printed on versos and rectos, and each numbered pp. 2-7. 
510 4 |a Foxon,  |c L242 
510 4 |a Teerink-Scouten,  |c 1322 
510 4 |a English Short Title Catalog,  |c T202967. 
500 |a Reproduction of original from Trinity College Library. 
500 |a Electronic resource. 
650 0 |a Latin poetry  |y 18th century. 
655 7 |a Electronic books.  |2 local 
700 0 |a Virgil.  |0 http://id.loc.gov/authorities/names/n79014062 
710 2 |a Gale (Firm)  |0 http://id.loc.gov/authorities/names/no2008071348 
730 0 |a Bucolics.  |p Book 1. 
752 |a Ireland  |d Dublin. 
856 4 0 |u http://proxy.library.tamu.edu/login?url=http://find.galegroup.com/ecco/infomark.do?contentSet=ECCOArticles&docType=ECCOArticles&bookId=1698803700&type=getFullCitation&tabID=T001&prodId=ECCO&docLevel=TEXT_GRAPHICS&version=1.0&source=library&userGroupName=txshracd2898  |z Connect to the full text of this electronic book  |t 0 
999 f f |s d02e0834-5e06-367f-a95f-b5c6fd61b766  |i 15b2c1f5-3d2f-3483-ba8d-28c6faf34f27  |t 0 
952 f f |a Texas A&M University  |b College Station  |c Electronic Resources  |d Available Online  |t 0  |h No information provided 
998 f f |t 0  |l Available Online